Score 0/30 Timer 05:00
0 Plays Today
% Correct
UCLA
94.1%
Colorado
92.2%
LSU
91.5%
Ohio State
90.9%
Michigan State
90.8%
Harvard
90%
Nebraska
89.3%
Nevada
89.2%
Tennessee
88.7%
Washington
88.6%
Kentucky
87.8%
Florida
87.2%
Arizona State
86.3%
Duke
84.8%
UTEP
81.8%
% Correct
Indiana
80.8%
TCU
80.4%
South Carolina
79.1%
Temple
78.6%
DePaul
78.4%
Brown
77.6%
Texas A&M
76.9%
West Virginia
74.6%
Wake Forest
72.6%
Montana
72%
Gonzaga
71.8%
Ole Miss
68.6%
Boston College
66.7%
Purdue
65.6%
Kansas State
65.3%
Remove Ads.
Support Sporcle.
Get the best of Sporcle when you Go Orange. This ad-free experience offers more features, more stats, and more fun while also helping to support Sporcle. Thank you for becoming a member.

You're not logged in!

Compare scores with friends on all Sporcle quizzes.
OR
Log In

Show Comments

Extras

Top Quizzes Today


Score Distribution

Your Account Isn't Verified!

In order to create a playlist on Sporcle, you need to verify the email address you used during registration. Go to your Sporcle Settings to finish the process.

Report this User

Report this user for behavior that violates our Community Guidelines.

Details: